[Event "It (open)"]
[Site "masterchessopen.com Philadelphia (USA)"]
[Round "10"]
[White "Kotliar Mark (ISR)"]
[Black "Bauer Peter (GER)"]
[Result "0-1"]
[WhiteElo "2300"]
[BlackElo "2259"]

1.d4 d5 2.c4 e6 3.Nc3 c6 4.e3 Nf6 5.Nf3 Nbd7 6.Bd3 dxc4 7.Bxc4 b5 8.Bb3 b4
9.Ne2 Be7 10.O-O O-O 11.Nf4 Bb7 12.Bd2 c5 13.a3 bxa3 14.bxa3 cxd4 15.exd4 Nb6
16.Re1 Ne4 17.Ba5 Bd6 18.Nd3 Rc8 19.Nfe5 Qh4 20.g3 Nxg3 21.Nc5 Rxc5 22.dxc5
Bxc5 23.Bxb6 Qh3 24.Bd5 Bxd5 25.Qxd5 exd5 26.Bxc5 Nf5 27.Bxf8 Nh4 {#R} 0-1

[Event "Zt (qual) (a)"]
[Site "masterchessopen.com Sao Paulo (Brazil)"]
[Round "9"]
[White "Rubinetti Jorge (ARG)"]
[Black "Osorios Ortiz Marcos (PER)"]
[Result "1-0"]
[WhiteElo "2382"]
[BlackElo "2251"]

1.Nf3 Nf6 2.c4 c6 3.Nc3 d5 4.d4 e6 5.e3 Nbd7 6.Bd3 dxc4 7.Bxc4 b5 8.Bd3 Bb7
9.e4 b4 10.Na4 c5 11.e5 Nd5 12.Nxc5 Nxc5 13.dxc5 Qa5 14.O-O h6 15.Nd4 Bxc5
16.Nb3 Qb6 17.Nxc5 Qxc5 18.Qg4 Ke7 19.Bd2 Rhd8 20.Rac1 Qb6 21.Rc4 Kf8 22.Bxb4+
Nxb4 23.Rxb4 Qc7 24.Qg3 Qd7 25.Be4 Rab8 26.Qb3 {#r} 1-0

[Event "It \"]
[Site "masterchessopen.com Spain"]
[Round "0"]
[White "Gonzalez Intelangelo Gerardo (ESP)"]
[Black "Garcia Caballero Luis (ESP)"]
[Result "1-0"]
[WhiteElo "2048"]
[BlackElo "2053"]

1.d4 d5 2.Nf3 Nf6 3.c4 e6 4.Nc3 Nbd7 5.e3 c6 6.Bd3 dxc4 7.Bxc4 Nb6 8.Bb3 c5
9.O-O Bd7 10.Qe2 Rc8 11.Rd1 c4 12.Bc2 Be7 13.e4 Bc6 14.d5 exd5 15.e5 Ng8
16.Nd4 g6 17.Ne4 Kf8 18.Bf4 Qe8 19.Qf3 dxe4 20.Ne6+ {#r} 1-0

[Event "It (open)"]
[Site "masterchessopen.com Warsaw (Poland)"]
[Round "4"]
[White "Orlov Georgi (USA)"]
[Black "Sendera Jaroslaw (POL)"]
[Result "0-1"]
[WhiteElo "2470"]
[BlackElo "2318"]

1.d4 d5 2.c4 c6 3.Nc3 Nf6 4.Nf3 e6 5.e3 Nbd7 6.Bd3 dxc4 7.Bxc4 b5 8.Bd3 Bb7
9.e4 b4 10.Na4 c5 11.e5 Nd5 12.Nxc5 Bxc5 13.dxc5 Nxc5 14.Bb5+ Ke7 15.Qd4 Qb6
16.Bc4 h6 17.O-O Nd7 18.Qg4 Rag8 19.Bd2 f5 20.exf6+ gxf6 21.Qh5 Ne5 22.Be2 Ng6
23.Qg4 Ngf4 24.Qxf4 Nxf4 25.Bxf4 Ba6 26.Be3 Qb7 27.Bxa6 Rxg2+ {#R} 0-1

[Event "It"]
[Site "masterchessopen.com Kecskemet (Hungary)"]
[Round "0"]
[White "Brandics Jozsef (HUN)"]
[Black "Abel Lajos (HUN)"]
[Result "0-1"]
[WhiteElo "2215"]
[BlackElo "2251"]

1.d4 d5 2.Nf3 c6 3.c4 Nf6 4.Nc3 e6 5.e3 Nbd7 6.Bd3 dxc4 7.Bxc4 b5 8.Bd3 Bb7
9.O-O b4 10.Ne4 c5 11.Nxf6+ gxf6 12.Qc2 Qb6 13.a3 Bd6 14.axb4 cxd4 15.exd4 Rg8
16.b5 Qxd4 17.h3 Nc5 18.Nxd4 Rxg2+ 19.Kh1 Rh2+ {#R} 0-1

[Event "Oberliga NRW 1991/92"]
[Site "masterchessopen.com Germany"]
[Round "0"]
[White "Pragua Christoph (GER)"]
[Black "Hofmann Martin (GER)"]
[Result "1-0"]
[WhiteElo "2104"]
[BlackElo "2188"]

1.d4 d5 2.c4 e6 3.Nc3 c6 4.e3 Nf6 5.Nf3 Nbd7 6.Bd3 dxc4 7.Bxc4 b5 8.Bd3 Bb7
9.e4 b4 10.Na4 c5 11.e5 Nd5 12.O-O cxd4 13.Nxd4 Nxe5 14.Bb5+ Nd7 15.Re1 Rc8
16.Qh5 g6 17.Qe5 Qf6 18.Bf4 Be7 19.Rac1 Rd8 20.Bxd7+ Kxd7 21.Rc7+ Ke8 22.Rxe7+
Qxe7 23.Qxh8+ Kd7 24.Qe5 Rc8 25.Bg3 h5 26.h4 Nf6 27.Qb5+ {#r} 1-0

[Event "corr."]
[Site "masterchessopen.com Poland"]
[Round "0"]
[White "Ferens Leszek (POL)"]
[Black "Pasko Wieslaw (POL)"]
[Result "0-1"]
[WhiteElo "2006"]
[BlackElo "2255"]

1.d4 d5 2.c4 c6 3.Nf3 Nf6 4.Nc3 e6 5.e3 Nbd7 6.Bd3 dxc4 7.Bxc4 b5 8.Bd3 Bb7
9.O-O b4 10.Ne4 Be7 11.Nxf6+ Nxf6 12.Qa4 O-O 13.e4 c5 14.e5 Nd7 15.Be3 Bxf3
16.gxf3 cxd4 17.Bxd4 Nxe5 18.Bxh7+ Kxh7 19.Bxe5 Qd3 20.Rae1 Qxf3 21.Qc2+ Kg8
22.Re3 Rac8 23.Qd3 Qh5 24.Rfe1 Rfd8 25.Qa6 Bc5 26.Rg3 Bxf2+ 27.Kxf2 Rc2+
28.Re2 Qxe5 {#R} 0-1

[Event "It (open)"]
[Site "masterchessopen.com St. Petersburg (Russia)"]
[Round "0"]
[White "Maksimenko Andrei (UKR)"]
[Black "Bohne Oliver (SUI)"]
[Result "1-0"]
[WhiteElo "2553"]
[BlackElo "2026"]

1.d4 d5 2.c4 c6 3.Nf3 Nf6 4.Nc3 e6 5.e3 Nbd7 6.Bd3 dxc4 7.Bxc4 b5 8.Be2 a6
9.O-O Bb7 10.e4 c5 11.e5 cxd4 12.Qxd4 Nd5 13.Rd1 Qb6 14.Qh4 Nxc3 15.bxc3 Qc7
16.a4 Qxc3 17.Bd2 Qc5 18.axb5 axb5 19.Rxa8+ Bxa8 20.Rc1 Bc6 21.Rxc5 Bxc5
22.Nd4 {#r} 1-0

[Event "It (open)"]
[Site "masterchessopen.com Copenhagen (Denmark)"]
[Round "2"]
[White "Nielsen Carsten Juul (DEN)"]
[Black "Pedersen Bjarne (DEN)"]
[Result "0-1"]
[WhiteElo "2087"]
[BlackElo "2101"]

1.d4 d5 2.c4 e6 3.Nc3 c6 4.e3 Nf6 5.Nf3 Nbd7 6.Bd3 dxc4 7.Bxc4 b5 8.Bd3 Bb7
9.e4 b4 10.Na4 c5 11.e5 Bxf3 12.Qxf3 Nd5 13.Nxc5 Bxc5 14.dxc5 O-O 15.Qh3 g6
16.Bh6 Nxe5 17.Bb5 Qa5 18.Be2 b3+ 19.Bd2 Qxc5 20.axb3 Qc2 21.Rd1 Rab8 22.Qg3
Qxb2 23.Bc4 Nxc4 24.bxc4 Rb3 25.Qd6 Nc3 {#R} 0-1

[Event "Oberliga Baden 1992/93"]
[Site "masterchessopen.com Germany"]
[Round "0"]
[White "Wagner Florian (GER)"]
[Black "Meyer Friedhelm (GER)"]
[Result "0-1"]
[WhiteElo "2255"]
[BlackElo "2255"]

1.d4 Nf6 2.c4 e6 3.Nc3 d5 4.Nf3 c6 5.e3 Nbd7 6.Bd3 dxc4 7.Bxc4 a6 8.a4 Bd6
9.O-O O-O 10.Qe2 e5 11.e4 exd4 12.Nxd4 Ne5 13.Bb3 Bg4 14.f3 Bc5 15.fxg4 Bxd4+
16.Kh1 Nfxg4 17.h3 Qh4 18.Rf4 Qg3 19.Rxg4 Nxg4 20.Qxg4 Qe1+ 21.Kh2 Bg1+ 22.Kh1
Bf2+ {#R} 0-1

[Event "It (open)"]
[Site "masterchessopen.com New York (USA)"]
[Round "6"]
[White "Hulse Brian (USA)"]
[Black "Kotlyar Stanislav (USA)"]
[Result "1-0"]
[WhiteElo "2155"]
[BlackElo "2148"]

1.d4 d5 2.c4 c6 3.e3 Nf6 4.Nc3 e6 5.Nf3 Nbd7 6.Bd3 dxc4 7.Bxc4 b5 8.Bd3 Bb7
9.a3 a6 10.b4 a5 11.Rb1 Be7 12.O-O O-O 13.e4 Qb6 14.Qe1 Rfe8 15.e5 Nd5 16.Ne4
axb4 17.axb4 Ra2 18.Nc5 Nxc5 19.dxc5 Qc7 20.Qe4 g6 21.Ng5 Kg7 22.h4 Nc3 23.Qf4
Bxg5 24.Qxg5 Nxb1 25.Qf6+ {#r} 1-0

[Event "It (open)"]
[Site "masterchessopen.com Nigran (Spain)"]
[Round "1"]
[White "Ziegler Ari (SWE)"]
[Black "Bello Filgueira Joaquin (ESP)"]
[Result "1-0"]
[WhiteElo "2341"]
[BlackElo "1875"]

1.d4 d5 2.c4 c6 3.Nc3 Nf6 4.Nf3 e6 5.e3 Nbd7 6.Bd3 dxc4 7.Bxc4 b5 8.Bd3 b4
9.Na4 c5 10.e4 c4 11.Bc2 Bb7 12.e5 Nd5 13.Ng5 N7b6 14.Nxe6 fxe6 15.Qh5+ Ke7
16.Bg5+ Nf6 17.exf6+ gxf6 18.Bxf6+ {#r} 1-0

[Event "It (open) \"]
[Site "masterchessopen.com Schwabisch Gmund (Germany)"]
[Round "9"]
[White "Chudinovskikh Alexander M (RUS)"]
[Black "Rothermel Thomas"]
[Result "1-0"]
[WhiteElo "2325"]
[BlackElo "2200"]

1.Nf3 Nf6 2.c4 e6 3.Nc3 d5 4.d4 c6 5.e3 Nbd7 6.Bd3 dxc4 7.Bxc4 b5 8.Be2 b4
9.Na4 c5 10.O-O Bb7 11.dxc5 Qa5 12.a3 Bxc5 13.Nxc5 Qxc5 14.axb4 Qxb4 15.b3 Bd5
16.Nd4 Qb7 17.Ba3 Ne4 18.Rc1 Qb6 19.Bb5 Rd8 20.Nf5 f6 21.Qh5+ g6 22.Qh6 exf5
23.Qg7 Nd6 24.Bxd7+ Rxd7 25.Qxh8+ Kf7 26.Rfd1 Rd8 27.Rc7+ {#r} 1-0

[Event "Ch Switzerland"]
[Site "masterchessopen.com Silvaplana (Switzerland)"]
[Round "0"]
[White "Walther Edgar (SUI)"]
[Black "Pelletier Yannick (SUI)"]
[Result "0-1"]
[WhiteElo "2254"]
[BlackElo "2584"]

1.d4 d5 2.c4 e6 3.Nc3 Nf6 4.Nf3 c6 5.e3 Nbd7 6.Bd3 dxc4 7.Bxc4 b5 8.Bd3 Bb7
9.O-O a6 10.a4 b4 11.Ne4 c5 12.Nxf6+ gxf6 13.Qe2 Rg8 14.Bxh7 Rh8 15.Bc2 Qc7
16.h3 Rc8 17.Bd2 cxd4 18.Rac1 dxe3 19.Bxe3 Qb8 20.Bd3 Rxc1 21.Rxc1 Qa8 22.Bd4
Bd6 23.Nd2 Bxg2 24.Ne4 Bf4 25.Rd1 Rg8 26.Ng3 Bf3 {#R} 0-1

[Event "It \"]
[Site "masterchessopen.com Jyvaskyla (Finland)"]
[Round "3"]
[White "Linqvist Grels (FIN)"]
[Black "Sherbakov Ruslan (RUS)"]
[Result "1-0"]
[WhiteElo "2003"]
[BlackElo "2510"]

1.d4 d5 2.c4 c6 3.Nf3 Nf6 4.Nc3 e6 5.e3 Nbd7 6.Bd3 dxc4 7.Bxc4 b5 8.Bd3 Bb7
9.a3 b4 10.Ne4 c5 11.Nxf6+ Nxf6 12.Bb5+ Ke7 13.O-O g6 14.dxc5 Qxd1 15.Rxd1
Bxf3 16.gxf3 Rb8 17.Ba4 Bg7 18.axb4 Rxb4 19.Bd2 Rbb8 20.Bc3 Rhc8 21.Be5 {#r}
1-0

[Event "It (open)"]
[Site "masterchessopen.com Ljubljana (Slovenia)"]
[Round "0"]
[White "Krasevec Anton (SLO)"]
[Black "Solmajer Luka (SLO)"]
[Result "0-1"]
[WhiteElo "2119"]
[BlackElo "2064"]

1.d4 d5 2.c4 c6 3.e3 Nf6 4.Nc3 e6 5.Nf3 Nbd7 6.Bd3 dxc4 7.Bxc4 b5 8.Bd3 Bb7
9.a3 a6 10.O-O c5 11.e4 cxd4 12.Nxd4 Nc5 13.f3 Qxd4+ {#R} 0-1

[Event "It \"]
[Site "masterchessopen.com Reno (USA)"]
[Round "0"]
[White "Torres Javier (USA)"]
[Black "Arganian David (USA)"]
[Result "1-0"]
[WhiteElo "2259"]
[BlackElo "2088"]

1.d4 Nf6 2.Nf3 d5 3.c4 e6 4.Nc3 c6 5.e3 Nbd7 6.Bd3 dxc4 7.Bxc4 b5 8.Bd3 Bb7
9.O-O b4 10.Na4 Be7 11.Qc2 O-O 12.e4 h6 13.Be3 Qc7 14.h3 Rfc8 15.Rad1 a5
16.Nd2 Ba6 17.f4 Bxd3 18.Qxd3 Qb7 19.f5 Qb5 20.Qc2 e5 21.Nf3 Nxe4 22.dxe5 Ng3
23.Rfe1 c5 24.b3 Qc6 25.Bf2 Nh5 26.e6 Ndf6 27.exf7+ Kf8 28.Ne5 {#r} 1-0

[Event "It (open) \"]
[Site "masterchessopen.com Spain"]
[Round "1"]
[White "Paramos Dominguez Roberto (ESP)"]
[Black "Sebastian Lorente Maria Pilar (ESP)"]
[Result "1-0"]
[WhiteElo "2365"]
[BlackElo "2053"]

1.d4 d5 2.c4 e6 3.Nc3 c6 4.e3 Nf6 5.Nf3 Nbd7 6.Bd3 dxc4 7.Bxc4 b5 8.Bd3 Bb7
9.a3 a6 10.b4 Be7 11.O-O Nb6 12.e4 h6 13.Qe2 a5 14.Rb1 axb4 15.axb4 Na4 16.Bd2
Nh5 17.Nxa4 Rxa4 18.Ne5 Nf6 19.Bxb5 Ra2 20.Bxc6+ Bxc6 21.Nxc6 Qb6 22.Nxe7 Kxe7
23.e5 Nd5 24.Bg5+ hxg5 25.Qxa2 {#r} 1-0

[Event "Ch World (juniors) (under 16)"]
[Site "masterchessopen.com Szeged (Hungary)"]
[Round "0"]
[White "Gonzalez Aguirre Luis (ESP)"]
[Black "Mifsud T (MLT)"]
[Result "0-1"]
[WhiteElo "2150"]
[BlackElo "2250"]

1.d4 d5 2.c4 c6 3.e3 e6 4.Nc3 Nf6 5.Nf3 Nbd7 6.Bd3 dxc4 7.Bxc4 b5 8.Bd3 Bb7
9.O-O a6 10.e4 c5 11.Bg5 cxd4 12.Nxd4 Be7 13.Qe2 O-O 14.Rad1 b4 15.Nb1 Ne5
16.Bc2 Qb6 17.Kh1 Rfd8 18.Nf3 Rxd1 19.Rxd1 Nfg4 20.Rf1 Nxf3 21.Qxf3 Nxh2
22.Kxh2 Bxg5 23.Qh5 Qc7+ 24.Kg1 Qxc2 25.Qxg5 Qxe4 26.Rd1 h6 {#R} 0-1

[Event "It"]
[Site "masterchessopen.com Aarhus (Denmark)"]
[Round "8"]
[White "Kjeldsen Jens (DEN)"]
[Black "Christensen Thomas (DEN)"]
[Result "1-0"]
[WhiteElo "2425"]
[BlackElo "2167"]

1.d4 d5 2.c4 c6 3.Nc3 Nf6 4.e3 e6 5.Nf3 Nbd7 6.Bd3 dxc4 7.Bxc4 b5 8.Be2 a6
9.e4 b4 10.e5 bxc3 11.exf6 cxb2 12.fxg7 bxa1=Q 13.gxh8=Q c5 14.O-O Bb7 15.Qxh7
Qxa2 16.Ng5 Qf6 17.Nxf7 Qg7 18.Qxg7 {#r} 1-0

[Event "It (open)"]
[Site "masterchessopen.com Mislata (Spain)"]
[Round "9"]
[White "Martinez Villar J (ESP)"]
[Black "Sospedra Sebastian Juan (ESP)"]
[Result "0-1"]
[WhiteElo "2096"]
[BlackElo "2284"]

1.d4 d5 2.c4 e6 3.Nc3 c6 4.e3 Nf6 5.Nf3 Nbd7 6.Bd3 dxc4 7.Bxc4 b5 8.Bd3 b4
9.Ne4 Bb7 10.Nxf6+ Nxf6 11.O-O Be7 12.Qe2 O-O 13.e4 Nd7 14.Bf4 c5 15.Rac1 Qa5
16.Rfd1 Rac8 17.d5 exd5 18.exd5 Bf6 19.Ng5 Bxg5 20.Bxg5 Rfe8 21.Qh5 g6 22.Qh6
c4 23.Rxc4 Qxd5 24.Bf1 Qxd1 25.Rh4 Qxf1+ 26.Kxf1 Ba6+ {#R} 0-1

[Event "It (open)"]
[Site "masterchessopen.com Velden (Austria)"]
[Round "0"]
[White "Hafner Robert (AUT)"]
[Black "Kwatschewsky Leo (AUT)"]
[Result "0-1"]
[WhiteElo "2091"]
[BlackElo "2280"]

1.d4 d5 2.c4 c6 3.Nf3 Nf6 4.Nc3 e6 5.e3 Nbd7 6.Bd3 dxc4 7.Bxc4 b5 8.Bd3 Bb7
9.e4 b4 10.Na4 c5 11.e5 Nd5 12.Nxc5 Nxc5 13.dxc5 Bxc5 14.O-O Qb6 15.Qe2 h6
16.Bd2 O-O-O 17.Rac1 Kb8 18.Rfd1 Rd7 19.g3 Rhd8 20.Bb5 Rc7 21.Be1 Rdc8 22.Nd2
Ne3 23.Bd3 Nxd1 24.Rxc5 Rxc5 25.Qxd1 Rc1 26.Qe2 Rd8 {#R} 0-1

[Event "Ch Bayern (b)"]
[Site "masterchessopen.com Bayern (Germany)"]
[Round "0"]
[White "Delitzsch Juergen (GER)"]
[Black "Berreth Marc (GER)"]
[Result "1-0"]
[WhiteElo "2278"]
[BlackElo "2115"]

1.d4 d5 2.c4 c6 3.Nf3 Nf6 4.Nc3 e6 5.e3 Nbd7 6.Bd3 dxc4 7.Bxc4 b5 8.Be2 b4
9.Na4 a5 10.O-O Ba6 11.Bxa6 Rxa6 12.Qe2 Ra7 13.Rd1 Qb8 14.b3 Be7 15.Bb2 Qb5
16.Qc2 Rc7 17.Rac1 O-O 18.e4 Rd8 19.Qb1 c5 20.dxc5 Nxc5 21.Rxd8+ Bxd8 22.Rxc5
Rxc5 23.Nd4 Qb8 24.Nxc5 Ng4 25.Nf3 Bb6 26.Nd3 Qa7 27.Qc2 {#r} 1-0

[Event "It (open)"]
[Site "masterchessopen.com Boblingen (Germany)"]
[Round "0"]
[White "Bagaturov Giorgi (GEO)"]
[Black "Schaeffner Claus (GER)"]
[Result "1-0"]
[WhiteElo "2450"]
[BlackElo "2165"]

1.d4 d5 2.c4 c6 3.Nc3 Nf6 4.e3 e6 5.Nf3 Nbd7 6.Bd3 dxc4 7.Bxc4 b5 8.Bd3 Bb7
9.e4 a6 10.e5 Nd5 11.Nxd5 cxd5 12.O-O Be7 13.Bf4 O-O 14.Qc2 g6 15.Qd2 Re8
16.Bh6 Bf8 17.Rfe1 Rc8 18.Bxf8 Nxf8 19.h4 Qe7 20.Qh6 Rc7 21.h5 b4 22.Re3 Ra8
23.Rae1 a5 24.Ng5 Ba6 25.Bb1 Bb5 26.Rf3 Be8 27.hxg6 fxg6 28.Rxf8+ {#r} 1-0

[Event "It (open)"]
[Site "masterchessopen.com Jamsa (Finland)"]
[Round "5"]
[White "Heinimaki Leo (FIN)"]
[Black "Linqvist Grels (FIN)"]
[Result "1-0"]
[WhiteElo "2072"]
[BlackElo "2003"]

1.d4 d5 2.c4 c6 3.Nc3 Nf6 4.e3 e6 5.Nf3 Nbd7 6.Bd3 dxc4 7.Bxc4 b5 8.Bd3 Bb7
9.O-O b4 10.Ne4 c5 11.Nxf6+ gxf6 12.e4 cxd4 13.Nxd4 Bc5 14.Bb5 Rc8 15.Be3 Ke7
16.Rc1 Rg8 17.f3 Bb6 18.Qd2 a5 19.Rfd1 Rxc1 20.Qxc1 Bxd4 21.Rxd4 Bc8 22.Qc6
Ke8 23.Rd2 Ke7 24.Qd6+ Ke8 25.Bc5 h5 26.Qc6 Rg5 27.Bb6 {#r} 1-0

[Event "Ch Netherlands (team) 1996/97"]
[Site "masterchessopen.com Netherlands"]
[Round "3"]
[White "Van Beers Eddy (BEL)"]
[Black "Trimp Marc (NED)"]
[Result "1-0"]
[WhiteElo "2275"]
[BlackElo "2221"]

1.d4 d5 2.c4 c6 3.Nf3 Nf6 4.Nc3 e6 5.e3 Nbd7 6.Bd3 dxc4 7.Bxc4 b5 8.Bd3 Bb7
9.O-O Be7 10.e4 b4 11.Na4 c5 12.Nxc5 Nxc5 13.dxc5 Bxc5 14.Qa4+ Ke7 15.Be3 Bxe3
16.Qxb4+ Qd6 17.Qxb7+ Nd7 18.fxe3 Qxd3 {#r} 1-0

[Event "Ch Yugoslavia (1/2 final) (open)"]
[Site "masterchessopen.com Niska Banja (Yugoslavia)"]
[Round "5"]
[White "Jakovljevic Vlado (BIH)"]
[Black "Nikolic Stanimir (SRB)"]
[Result "0-1"]
[WhiteElo "2205"]
[BlackElo "2345"]

1.Nf3 d5 2.d4 e6 3.c4 c6 4.e3 Nf6 5.Nc3 Nbd7 6.Bd3 dxc4 7.Bxc4 b5 8.Bd3 Bb7
9.O-O a6 10.e4 c5 11.d5 c4 12.dxe6 fxe6 13.Bc2 Nc5 14.Qe2 Be7 15.Rd1 Qc7 16.e5
Nfd7 17.Ng5 g6 18.Nxh7 Nd3 19.Ng5 N7xe5 20.Nce4 Nxc1 21.Raxc1 Nd3 22.h3 Nxc1
23.Rxc1 Bxe4 24.Re1 O-O-O 25.Nf7 Bb4 26.Nxh8 Bxe1 27.Nxg6 Ba5 {#R} 0-1

[Event "It \"]
[Site "masterchessopen.com Philadelphia (USA)"]
[Round "0"]
[White "Andrews Todd D (USA)"]
[Black "Alexopoulos Georgios (GRE)"]
[Result "1-0"]
[WhiteElo "2285"]
[BlackElo "2265"]

1.d4 Nf6 2.c4 c6 3.Nc3 d5 4.Nf3 e6 5.e3 Nbd7 6.Bd3 dxc4 7.Bxc4 b5 8.Bb3 b4
9.Ne2 Bb7 10.Ng3 c5 11.O-O Bd6 12.Re1 O-O 13.Bc2 Qc7 14.e4 cxd4 15.Nxd4 Be5
16.Be3 Rfd8 17.Qe2 Nc5 18.Nb5 Qc6 19.Rac1 Bxb2 20.Bb1 Bxc1 21.Rxc1 {#r} 1-0

[Event "It (open)"]
[Site "masterchessopen.com Szekszard (Hungary)"]
[Round "3"]
[White "Szabo Peter (HUN)"]
[Black "Taskovits Istvan (HUN)"]
[Result "0-1"]
[WhiteElo "1772"]
[BlackElo "2280"]

1.d4 Nf6 2.Nf3 d5 3.c4 e6 4.Nc3 c6 5.e3 Nbd7 6.Bd3 dxc4 7.Bxc4 b5 8.Bd3 Bb7
9.O-O a6 10.e4 c5 11.e5 cxd4 12.exf6 dxc3 13.fxg7 Bxg7 14.bxc3 Bxc3 15.Rb1 Rg8
16.g3 Nc5 17.Bc2 Qxd1 18.Bxd1 Be4 {#R} 0-1

[Event "It (open)"]
[Site "masterchessopen.com Villa Ballester (Argentina)"]
[Round "2"]
[White "Peralta Fernando (ARG)"]
[Black "Gonzalez Carlos (CUB)"]
[Result "1-0"]
[WhiteElo "2340"]
[BlackElo "2054"]

1.d4 d5 2.c4 e6 3.Nf3 Nf6 4.Nc3 Nbd7 5.e3 c6 6.Bd3 dxc4 7.Bxc4 b5 8.Be2 a6
9.e4 b4 10.e5 bxc3 11.exf6 cxb2 12.fxg7 bxa1=Q 13.gxh8=Q Qa5+ 14.Nd2 Q5xa2
15.O-O Qa4 16.Ne4 Qb4 17.Bd2 Qaxd4 18.Nf6+ Qxf6 19.Qxf6 Nxf6 20.Bxb4 Bxb4
21.Qa4 {#r} 1-0

[Event "Memorial V.Syre (open)"]
[Site "masterchessopen.com Issy Les Moulineaux (France)"]
[Round "1"]
[White "Lukov Valentin (BUL)"]
[Black "Dhieux Francky (FRA)"]
[Result "1-0"]
[WhiteElo "2480"]
[BlackElo "2044"]

1.Nf3 d5 2.c4 c6 3.e3 Nf6 4.Nc3 e6 5.d4 Nbd7 6.Bd3 dxc4 7.Bxc4 b5 8.Be2 Bb7
9.e4 a6 10.e5 Nd5 11.Nxd5 cxd5 12.O-O Be7 13.a4 bxa4 14.Qxa4 O-O 15.Bd2 Nb8
16.Rfc1 Qb6 17.Ba5 Qxb2 18.Rc2 {#r} 1-0

[Event "Ch NATO"]
[Site "masterchessopen.com Apt (France)"]
[Round "0"]
[White "Frederiksen Henrik (DEN)"]
[Black "De Waard Marco (NED)"]
[Result "1-0"]
[WhiteElo "2132"]
[BlackElo "2117"]

1.d4 d5 2.c4 c6 3.Nc3 e6 4.e3 Nf6 5.Nf3 Nbd7 6.Bd3 dxc4 7.Bxc4 b5 8.Bd3 Bb7
9.O-O a6 10.e4 c5 11.d5 c4 12.Bc2 Qb6 13.a4 Bc5 14.Qe2 O-O-O 15.axb5 axb5
16.b3 exd5 17.bxc4 dxc4 18.Rb1 Bc6 19.Ba4 Rhe8 20.Bxb5 Nxe4 21.Qxc4 Bxb5
22.Nxb5 Nd6 23.Nxd6+ Qxd6 24.Bf4 Qe6 25.Qb5 Qb6 26.Qa4 Bxf2+ 27.Kh1 Nc5 28.Qc2
{#r} 1-0

[Event "It (cat.10)"]
[Site "masterchessopen.com Balatonbereny (Hungary)"]
[Round "3"]
[White "Siegel Georg (GER)"]
[Black "Wach Markus (AUT)"]
[Result "0-1"]
[WhiteElo "2540"]
[BlackElo "2420"]

1.Nf3 d5 2.d4 Nf6 3.c4 c6 4.Nc3 e6 5.e3 Nbd7 6.Bd3 dxc4 7.Bxc4 b5 8.Bd3 Bb7
9.O-O b4 10.Na4 Be7 11.e4 c5 12.e5 Nd5 13.Nxc5 Nxc5 14.dxc5 Bxc5 15.Ng5 Qd7
16.Qh5 g6 17.Qf3 Nc3 18.Qh3 Rd8 19.Bc4 Qd4 20.Be3 Qxc4 21.bxc3 bxc3 22.Rab1 c2
23.Rbc1 Qe2 24.Rce1 Qxe1 {#R} 0-1

[Event "Ch Sweden (juniors)"]
[Site "masterchessopen.com Haninge (Sweden)"]
[Round "6"]
[White "Hallberg Fredrik (SWE)"]
[Black "Akesson Joel (SWE)"]
[Result "0-1"]
[WhiteElo "2196"]
[BlackElo "2215"]

1.d4 d5 2.c4 c6 3.Nf3 Nf6 4.Nc3 e6 5.e3 Nbd7 6.Bd3 dxc4 7.Bxc4 b5 8.Bd3 Bb7
9.O-O b4 10.Na4 Rc8 11.Bd2 Be7 12.a3 bxa3 13.b4 a5 14.bxa5 c5 15.dxc5 Nxc5
16.Bb5+ Kf8 17.Nb6 Rb8 18.Ne5 Qc7 19.Nec4 Rd8 20.Qc2 Ng4 21.f4 Be4 22.Qa2 Nd3
23.Qb3 Bc5 24.Qd1 h5 25.Qe2 Nxf4 26.Rxf4 Qxf4 27.g3 Qc7 {#R} 0-1

[Event "Ch Spain (team) (a)"]
[Site "masterchessopen.com Ponferrada (Spain)"]
[Round "5"]
[White "Paramos Dominguez Roberto (ESP)"]
[Black "Pont Mulet Antonio (ESP)"]
[Result "1-0"]
[WhiteElo "2405"]
[BlackElo "2219"]

1.d4 d5 2.c4 c6 3.Nc3 Nf6 4.e3 e6 5.Nf3 Nbd7 6.Bd3 dxc4 7.Bxc4 b5 8.Bd3 Bb7
9.a3 b4 10.Ne4 Nxe4 11.Bxe4 bxa3 12.bxa3 Rb8 13.O-O Bd6 14.Rb1 Qc7 15.Qa4 c5
16.dxc5 Bxc5 17.Rd1 Bb6 18.Bb2 Bxe4 19.Qxe4 Kf8 20.Rxd7 Qxd7 21.Qe5 Ke7
22.Qxg7 Rhg8 23.Bf6+ Kd6 24.Rd1+ Bd4 25.Qxh7 Qc6 26.Qxf7 {#r} 1-0

[Event "It (open) \"]
[Site "masterchessopen.com Spain"]
[Round "0"]
[White "Javierre Conesa Alfonso (ESP)"]
[Black "Luis Vitalla Fernando (ESP)"]
[Result "0-1"]
[WhiteElo "2045"]
[BlackElo "2149"]

1.d4 d5 2.c4 c6 3.Nf3 e6 4.Nc3 Nf6 5.e3 Nbd7 6.Bd3 dxc4 7.Bxc4 b5 8.Bd3 Bb7
9.O-O Rc8 10.Qe2 a6 11.e4 c5 12.d5 c4 13.Bc2 Bc5 14.Bg5 Qb6 15.Rad1 O-O
16.dxe6 fxe6 17.e5 Nd5 18.Qe4 g6 19.Nxd5 exd5 20.Qg4 Qc6 21.Rfe1 Rce8 22.Bh6
Rxf3 23.Qxf3 Nxe5 24.Rxe5 Rxe5 25.Qg3 d4 26.Bf4 Re2 {#R} 0-1

[Event "It (open)"]
[Site "masterchessopen.com Aggtelek (Hungary)"]
[Round "0"]
[White "Zsinka Laszlo (HUN)"]
[Black "Turzo Attila (HUN)"]
[Result "1-0"]
[WhiteElo "2340"]
[BlackElo "2345"]

1.d4 d5 2.c4 c6 3.Nc3 Nf6 4.Nf3 e6 5.e3 Nbd7 6.Bd3 dxc4 7.Bxc4 b5 8.Be2 Bb7
9.Qc2 a6 10.a4 b4 11.Ne4 c5 12.Nxc5 Nxc5 13.dxc5 Rc8 14.Bc4 Rxc5 15.Qe2 Qa8
16.Bd2 Rc8 17.O-O Be7 18.a5 Ne4 19.Be1 g5 20.Ne5 Nd6 21.Bxe6 fxe6 22.Qh5+ Kd8
23.Bxb4 Rf8 24.Rfd1 Bd5 25.e4 Nxe4 26.Bxe7+ Kxe7 27.Qxh7+ Kd6 28.Qxe4 {#r} 1-0

[Event "Staatsliga B South 1998/99"]
[Site "masterchessopen.com Austria"]
[Round "3"]
[White "Pilaj Herwig (AUT)"]
[Black "Demuth Markus (AUT)"]
[Result "1-0"]
[WhiteElo "2215"]
[BlackElo "2225"]

1.d4 d5 2.Nf3 Nf6 3.c4 c6 4.Nc3 e6 5.e3 Nbd7 6.Bd3 dxc4 7.Bxc4 b5 8.Bd3 b4
9.Ne4 c5 10.Qa4 Bb7 11.Nxc5 Bxc5 12.dxc5 O-O 13.Qxb4 a5 14.Qa3 Ng4 15.Be2 Rc8
16.O-O Qc7 17.c6 Bxc6 18.g3 Ba8 19.Nd4 Nge5 20.b3 Nc5 21.Bd2 Nc6 22.Qxc5 Nxd4
23.Qxd4 Rfd8 24.Qb2 Qc6 25.f3 Qc2 26.Qxc2 Rxc2 27.Bxa5 Rd5 28.Rac1 {#r} 1-0

[Event "Simultan"]
[Site "masterchessopen.com Bastia (France)"]
[Round "0"]
[White "Karpov Anatoly (RUS)"]
[Black "Gallissot Alexandre (MNC)"]
[Result "1-0"]
[WhiteElo "2725"]
[BlackElo "2099"]

1.d4 d5 2.c4 c6 3.Nc3 Nf6 4.e3 e6 5.Bd3 Nbd7 6.Nf3 dxc4 7.Bxc4 b5 8.Bd3 Bb7
9.e4 a6 10.e5 Nd5 11.Nxd5 cxd5 12.O-O Rc8 13.h4 Be7 14.h5 h6 15.Bd2 Qb6 16.a4
Bc6 17.a5 Qb7 18.Qe2 Rc7 19.Nh2 Kd8 20.f4 Kc8 21.f5 Kb8 22.fxe6 fxe6 23.Qg4
{#r} 1-0